Country commerce : Nigeria 2007.

Bibliographic Details
Format: Book
Published: New York: The Economist Intelligence Unit, 2007.
Subjects:
LEADER 00470cam a2200157 7i4500
001 0000019705
005 20070904090000.0
090 0 0 |a NIGR 380.1   |b COU 
245 0 0 |a Country commerce :   |b Nigeria 2007. 
260 0 0 |a New York:   |b The Economist Intelligence Unit,   |c 2007. 
300 # # |a 63 p. 
650 0 0 |a Investments --   |z Nigeria  
650 0 0 |a Business --   |z Nigeria  
650 0 0 |a Trading --   |z Nigeria  
651 0 0 |a Nigeria  
999 |a B000020675  |b Book  |c Countries  |e Business Information Centre